[Event "4NCL Online Division 7"]
[Site "online"]
[Date "2021.04.06"]
[EventDate "2021.04.06"]
[Round "6.24"]
[White "Corrigan, James"]
[WhiteElo "1626"]
[WhiteTeam "Hackney Spice Boys"]
[Black "Graczyk-Gibiec, Barbara"]
[BlackElo "1930"]
[BlackTeam "Newport A"]
[Result "0-1"]
[PlyCount "106"]

1. e4 e6 2. d4 d5 3. Bd3 h6 4. e5 c5 5. c3 Qb6 6. Ne2 Nc6 7. O-O Bd7 8. Bc2 cxd4 9. cxd4 Nb4 10. Bb3 Bb5 11. Nbc3 Ba6 12. Be3 Ne7 13. a3 Nbc6 14. Re1 Nf5 15. Rb1 Be7 16. Bc2 Nxe3 17. fxe3 Bg5 18. Na4 Bxe3+ 19. Kh1 Qc7 20. Nc5 Bxe2 21. Rxe2 Bxd4 22. Nd3 Nxe5 23. Nxe5 Bxe5 24. Ba4+ Kf8 25. Rc1 Qd6 26. Qb3 g6 27. Rf1 b6 28. Qe3 Bg7 29. Qxe6 Qxe6 30. Rxe6 Bxb2 31. Rxg6 f6 32. Rg3 Ke7 33. Rg7+ Ke6 34. Re1+ Be5 35. Bb3 a5 36. Rb7 Rab8 37. Rg7 Kd6 38. Rd1 d4 39. Bc4 b5 40. Bd3 b4 41. axb4 axb4 42. Rb1 Rhg8 43. Rxg8 Rxg8 44. Rxb4 Rc8 45. Rc4 Rxc4 46. Bxc4 Kc5 47. Bd3 Kb4 48. Kg1 Kc3 49. Be2 d3 50. Bf3 Kd2 51. Kf1 Bxh2 52. Bh5 Bg3 53. Bf3 Kc1 0-1

[Event "4NCL Online Division 7"]
[Site "online"]
[Date "2021.04.06"]
[EventDate "2021.04.06"]
[Round "6.31"]
[White "O'Gorman, Alice"]
[WhiteElo "1916"]
[WhiteTeam "RCSI Team 1"]
[Black "Bucher, Goetz"]
[BlackElo "1969"]
[BlackTeam "Bearsden Grizzlies"]
[Result "1/2-1/2"]
[PlyCount "48"]

1. e4 e5 2. Nf3 Nf6 3. Nxe5 d6 4. Nf3 Nxe4 5. d4 d5 6. Bd3 Bd6 7. O-O O-O 8. Re1 Bf5 9. c4 c6 10. Qc2 Na6 11. a3 Bg6 12. b4 Rc8 13. Bb2 Re8 14. c5 Bb8 15. Nc3 f5 16. Reb1 Nc7 17. Ne1 Ne6 18. Ne2 Bxh2+ 19. Kxh2 Qh4+ 20. Kg1 Qxf2+ 21. Kh1 Qh4+ 22. Kg1 Qf2+ 23. Kh1 Qh4+ 24. Kg1 Qf2+ 1/2-1/2

[Event "4NCL Online Division 7"]
[Site "online"]
[Date "2021.04.06"]
[EventDate "2021.04.06"]
[Round "6.32"]
[White "Watt, David A"]
[WhiteElo "1921"]
[WhiteTeam "Bearsden Grizzlies"]
[Black "Singh, Mahendra"]
[BlackElo "1872"]
[BlackTeam "RCSI Team 1"]
[Result "1/2-1/2"]
[PlyCount "54"]

1. e4 c5 2. Nf3 Nc6 3. d4 cxd4 4. Nxd4 Nf6 5. Nc3 g6 6. Nxc6 bxc6 7. e5 Nd5 8. Nxd5 cxd5 9. Qxd5 Rb8 10. Bc4 e6 11. Qd4 Qc7 12. Be3 Bg7 13. f4 O-O 14. O-O Bb7 15. Bb3 Qc6 16. Qd2 a5 17. a4 d6 18. Rf2 dxe5 19. fxe5 Bxe5 20. Qxa5 Bxb2 21. Rb1 Bc3 22. Qc5 Rfd8 23. Qxc6 Bxc6 24. Rbf1 Rd7 25. Rf4 Be5 26. Rc4 Bd5 27. Rc5 Bd6 1/2-1/2

[Event "4NCL Online Division 7"]
[Site "online"]
[Date "2021.04.06"]
[EventDate "2021.04.06"]
[Round "6.33"]
[White "Majeremane, Adolph"]
[WhiteElo "1717"]
[WhiteTeam "RCSI Team 1"]
[Black "Colston, Rob"]
[BlackElo "1874"]
[BlackTeam "Bearsden Grizzlies"]
[Result "0-1"]
[PlyCount "92"]

1. d4 Nf6 2. c4 e5 3. g3 exd4 4. Qxd4 Nc6 5. Qe3+ Be7 6. Bg2 O-O 7. Bxc6 dxc6 8. Nc3 Re8 9. Qd3 Qxd3 10. exd3 Bc5+ 11. Be3 Bxe3 12. fxe3 Rxe3+ 13. Kd1 Rxd3+ 14. Kc2 Rd8 15. Nf3 Bf5+ 16. Kb3 Ne4 17. Rae1 Nxc3 18. bxc3 Re8 19. Nd4 Bg6 20. h4 h5 21. Rhg1 Rxe1 22. Rxe1 Kf8 23. Kb4 Re8 24. Rxe8+ Kxe8 25. c5 Ke7 26. a4 Kf6 27. a5 a6 28. Kc4 Ke5 29. Kb3 Ke4 30. Kc2 Kd5+ 31. Kb3 Kxc5 32. Nf3 Kd5 33. Nd2 f6 34. Kb2 Bd3 35. Nf3 c5 36. Nd2 Be2 37. Nb3 g5 38. Kc2 gxh4 39. gxh4 f5 40. Kd2 Bc4 41. Na1 Ke4 42. Nc2 f4 43. Ne1 f3 44. Nc2 f2 45. Ne3 f1=N+ 46. Nxf1 Bxf1 0-1

[Event "4NCL Online Division 7"]
[Site "online"]
[Date "2021.04.06"]
[EventDate "2021.04.06"]
[Round "6.34"]
[White "D Alessio, Marco"]
[WhiteElo "1788"]
[WhiteTeam "Bearsden Grizzlies"]
[Black "Snip, Peyton"]
[BlackElo "1678"]
[BlackTeam "RCSI Team 1"]
[Result "1-0"]
[PlyCount "65"]

1. d4 Nf6 2. c4 g6 3. f3 Bg7 4. Nc3 e6 5. e4 d5 6. Bg5 h6 7. Bxf6 Qxf6 8. Nb5 Na6 9. cxd5 e5 10. Rc1 exd4 11. Bd3 c5 12. Ne2 O-O 13. O-O Qd8 14. Na3 b6 15. f4 f5 16. e5 Nb4 17. Bc4 Nxd5 18. Qb3 Bb7 19. Nb5 Kh7 20. Nd6 Ne3 21. Nxb7 Qc7 22. Nd6 g5 23. Nb5 Qb7 24. Rf2 gxf4 25. Nxf4 Bxe5 26. Bd5 Nxd5 27. Qxd5 Qb8 28. Rcf1 Rg8 29. Qf7+ Rg7 30. Qxf5+ Kh8 31. Ng6+ Rxg6 32. Qxg6 Bxh2+ 33. Kh1 1-0

[Event "4NCL Online Division 7"]
[Site "online"]
[Date "2021.04.06"]
[EventDate "2021.04.06"]
[Round "6.41"]
[White "Kelmendi, Bajrush"]
[WhiteElo "1951"]
[WhiteTeam "Celtic Tigers Cubs"]
[Black "Shepley, Julien M"]
[BlackElo "1975"]
[BlackTeam "Guildford Castles 2"]
[Result "1-0"]
[PlyCount "103"]

1. c4 e5 2. Nc3 Nf6 3. e4 c5 4. d3 h6 5. Be2 Nc6 6. g4 Be7 7. h4 d6 8. Be3 Bd7 9. a3 Qc8 10. f3 Nd4 11. Bxd4 cxd4 12. Nd5 Nxd5 13. cxd5 Qd8 14. h5 Bh4+ 15. Kf1 Bg5 16. Nh3 Be3 17. Kg2 Rc8 18. Qb3 b6 19. Nf2 Rc5 20. a4 Qe7 21. Nd1 Bf4 22. a5 b5 23. a6 O-O 24. Nf2 Rfc8 25. Bd1 Rc1 26. Rxc1 Rxc1 27. Qa3 Be3 28. Nh3 Bc8 29. Qa5 Qd7 30. Bb3 Rxh1 31. Kxh1 Kh7 32. Kg2 g6 33. hxg6+ fxg6 34. Bd1 Kg7 35. Be2 Kh7 36. Kg3 Kg7 37. f4 exf4+ 38. Nxf4 Bxf4+ 39. Kxf4 Qf7+ 40. Kg3 Qd7 41. Qb4 h5 42. Qxd4+ Kh7 43. Qf6 hxg4 44. Qh4+ Kg7 45. Bxg4 Qxg4+ 46. Qxg4 Bxg4 47. Kxg4 Kf6 48. d4 b4 49. b3 Kf7 50. Kg5 Kg7 51. e5 dxe5 52. dxe5 1-0

[Event "4NCL Online Division 7"]
[Site "online"]
[Date "2021.04.06"]
[EventDate "2021.04.06"]
[Round "6.42"]
[White "Rapacci, Pascoe"]
[WhiteElo "1760"]
[WhiteTeam "Guildford Castles 2"]
[Black "White, John"]
[BlackElo "1779"]
[BlackTeam "Celtic Tigers Cubs"]
[Result "0-1"]
[PlyCount "156"]

1. e4 c5 2. d4 cxd4 3. c3 d3 4. Bxd3 d6 5. c4 e5 6. Nc3 Be6 7. Nf3 h6 8. O-O Nf6 9. Be3 a6 10. Rc1 Nbd7 11. Qe2 Rc8 12. b3 Be7 13. Rfd1 Qc7 14. Bb1 O-O 15. Ne1 Rfe8 16. Nc2 Bf8 17. Nb4 Qb8 18. f3 Red8 19. Nbd5 Bxd5 20. Nxd5 Nxd5 21. Rxd5 Nf6 22. Rd3 Rc6 23. Rcd1 Rdc8 24. Bc1 b5 25. Ba3 bxc4 26. bxc4 Ne8 27. Rb3 Qa7+ 28. Qf2 Qxf2+ 29. Kxf2 Rxc4 30. Rb6 R4c6 31. Rb7 Nc7 32. Bd3 Ne6 33. Rdb1 Nc5 34. Bxc5 Rxc5 35. Ra7 Rc3 36. Bxa6 Rc2+ 37. Kg3 Rxa2 38. Rbb7 Rcc2 39. Bf1 Rxa7 40. Rxa7 g6 41. Bb5 Rc8 42. Bd7 Rd8 43. Bc6 f5 44. Bd5+ Kh8 45. Bf7 fxe4 46. fxe4 Kg7 47. Bd5+ Kh8 48. Bf7 Kg7 49. Be8+ Kf6 50. Rf7+ Ke6 51. Rxf8 Ke7 52. Rg8 Rxe8 53. Rxg6 Rh8 54. h4 h5 55. Kf2 Rf8+ 56. Kg3 Rf4 57. Rh6 Rg4+ 58. Kf3 Rf4+ 59. Ke3 Rxh4 60. Rh7+ Ke6 61. Rh6+ Kd7 62. g4 Rh3+ 63. Kf2 hxg4 64. Rxh3 gxh3 65. Kg3 Kc6 66. Kxh3 Kc5 67. Kg3 Kd4 68. Kf3 Kd3 69. Kf2 Kxe4 70. Ke2 d5 71. Kd2 d4 72. Ke2 Kd5 73. Kd2 e4 74. Ke2 Kc4 75. Kd2 e3+ 76. Ke2 Kc3 77. Kd1 d3 78. Ke1 Kc2 0-1

[Event "4NCL Online Division 7"]
[Site "online"]
[Date "2021.04.06"]
[EventDate "2021.04.06"]
[Round "6.43"]
[White "Cranston, Adam"]
[WhiteElo "1770"]
[WhiteTeam "Celtic Tigers Cubs"]
[Black "Mellor, Jessica"]
[BlackElo "1809"]
[BlackTeam "Guildford Castles 2"]
[Result "0-1"]
[PlyCount "93"]

1. d4 Nf6 2. Bf4 g6 3. Nc3 d5 4. e3 Bg7 5. h4 b6 6. Be2 Bb7 7. h5 Nbd7 8. h6 Bf8 9. g4 e6 10. g5 Ne4 11. Nxe4 dxe4 12. f3 Be7 13. fxe4 Bxg5 14. Bf3 Bh4+ 15. Kf1 g5 16. Be5 Nxe5 17. dxe5 Qe7 18. Qd4 O-O 19. Qd2 Bg3 20. Qg2 Bxe5 21. c3 Rad8 22. Rd1 Rxd1+ 23. Bxd1 Rd8 24. Bh5 f5 25. Bf3 fxe4 26. Bxe4 Rd1+ 27. Ke2 Bxe4 28. Qxe4 Qd6 29. Qc2 Qd5 30. Qxd1 Qg2+ 31. Kd3 Qxh1 32. Qg4 Qd5+ 33. Kc2 Bf6 34. Nf3 Qf5+ 35. Qxf5 exf5 36. Kd3 g4 37. Nd4 Bxd4 38. cxd4 Kf7 39. e4 fxe4+ 40. Kxe4 Kg6 41. Kf4 Kxh6 42. Kxg4 Kg6 43. a4 a5 44. b3 c6 45. Kf4 Kf6 46. Kg4 Ke6 47. Kf3 0-1

[Event "4NCL Online Division 7"]
[Site "online"]
[Date "2021.04.06"]
[EventDate "2021.04.06"]
[Round "6.44"]
[White "Driver, Nicholas P"]
[WhiteElo "1750"]
[WhiteTeam "Guildford Castles 2"]
[Black "Osseiran, Nadim"]
[BlackElo "1113"]
[BlackTeam "Celtic Tigers Cubs"]
[Result "1-0"]
[PlyCount "51"]

1. e4 e5 2. Nf3 Nf6 3. Nxe5 d6 4. Nf3 Nxe4 5. d4 d5 6. Bd3 Nc6 7. O-O Be7 8. c4 Nb4 9. cxd5 Nxd3 10. Qxd3 Qxd5 11. Nc3 Nxc3 12. bxc3 Bf5 13. Qe3 Qe6 14. Re1 Qxe3 15. Rxe3 Kd7 16. Ne5+ Kc8 17. Nxf7 Re8 18. Ba3 Kd7 19. Ne5+ Kd8 20. Bxe7+ Rxe7 21. Rae1 Ke8 22. g4 Be6 23. Ng6 Kf7 24. Nxe7 Re8 25. Rxe6 Rxe7 26. Rxe7+ 1-0

[Event "4NCL Online Division 7"]
[Site "online"]
[Date "2021.04.06"]
[EventDate "2021.04.06"]
[Round "6.51"]
[White "Graff, Ben"]
[WhiteElo "1856"]
[WhiteTeam "Throw in the Tal"]
[Black "Shapland, David"]
[BlackElo "1924"]
[BlackTeam "Hebden Bridge 2"]
[Result "0-1"]
[PlyCount "180"]

1. e4 e5 2. Nf3 Nc6 3. Bb5 Bc5 4. O-O Qf6 5. Nc3 Nge7 6. d3 h6 7. Be3 Nd4 8. Bxd4 exd4 9. Ne2 Nc6 10. Re1 O-O 11. Qd2 a6 12. Bxc6 dxc6 13. e5 Qd8 14. b4 Bb6 15. Qf4 a5 16. a3 Qe7 17. Nexd4 axb4 18. axb4 Rxa1 19. Rxa1 Qxb4 20. Ne2 Qb2 21. Qc1 Qxc1+ 22. Rxc1 Bg4 23. h3 Bxf3 24. gxf3 Ra8 25. Nc3 Bd4 26. Ne4 Bxe5 27. c3 f5 28. Ng3 g6 29. d4 Bd6 30. c4 b6 31. Kg2 Kf7 32. Rc2 b5 33. c5 Be7 34. Ne2 Ra4 35. f4 Bf6 36. Rd2 Ke6 37. Rd3 b4 38. Kf3 Ra3 39. Ke3 Rxd3+ 40. Kxd3 Kd5 41. f3 b3 42. Nc3+ Ke6 43. Na4 Bh4 44. Ke3 Kd5 45. Kd3 Be1 46. Nb2 Bb4 47. Na4 Ba3 48. Nc3+ Ke6 49. Nb1 Bb4 50. Kc4 Be1 51. Kxb3 Kd5 52. Na3 Bg3 53. Nc2 Bxf4 54. Kc3 Ke6 55. Nb4 Kd7 56. Kd3 Bg5 57. Kc4 Bf6 58. Nd3 g5 59. d5 cxd5+ 60. Kxd5 h5 61. Nf2 Bc3 62. Nd3 g4 63. fxg4 fxg4 64. hxg4 hxg4 65. Nf4 g3 66. c6+ Ke7 67. Ng2 Bb4 68. Kc4 Bd6 69. Kd5 Kf6 70. Ke4 Ke6 71. Kf3 Kd5 72. Ke2 Kxc6 73. Kd3 Kb5 74. Kc2 c5 75. Kc3 Be5+ 76. Kc2 Kb4 77. Kc1 Kc3 78. Kd1 Kd3 79. Kc1 c4 80. Ne1+ Ke3 81. Ng2+ Kf2 82. Nh4 g2 83. Nxg2 Kxg2 84. Kc2 Kf3 85. Kc1 Ke3 86. Kc2 Ke2 87. Kc1 Kd3 88. Kb1 c3 89. Kc1 Bf4+ 90. Kd1 c2+ 0-1

[Event "4NCL Online Division 7"]
[Site "online"]
[Date "2021.04.06"]
[EventDate "2021.04.06"]
[Round "6.52"]
[White "Wedge, David C"]
[WhiteElo "1896"]
[WhiteTeam "Hebden Bridge 2"]
[Black "Goodwin, Ed H"]
[BlackElo "1838"]
[BlackTeam "Throw in the Tal"]
[Result "0-1"]
[PlyCount "66"]

1. e4 c5 2. Nc3 a6 3. a4 Nc6 4. g3 g6 5. Bg2 Bg7 6. d3 e6 7. Be3 Nd4 8. Qd2 Ne7 9. Ra3 Qb6 10. Nd1 d6 11. c3 Ndc6 12. Ne2 Qa5 13. O-O O-O 14. Bh6 e5 15. Bxg7 Kxg7 16. Ne3 f5 17. Nc4 Qc7 18. a5 Be6 19. Nb6 Rad8 20. d4 Nxa5 21. Rxa5 Qxb6 22. Raa1 Bc4 23. f4 cxd4 24. cxd4 Bxe2 25. Qxe2 Qxd4+ 26. Kh1 fxe4 27. Bxe4 d5 28. Rad1 Qxe4+ 29. Qxe4 dxe4 30. Rxd8 Rxd8 31. fxe5 Rd5 32. e6 Rf5 33. Rd1 e3 0-1

[Event "4NCL Online Division 7"]
[Site "online"]
[Date "2021.04.06"]
[EventDate "2021.04.06"]
[Round "6.53"]
[White "Griffiths, Gareth N R"]
[WhiteElo "1786"]
[WhiteTeam "Throw in the Tal"]
[Black "Allan, John M"]
[BlackElo "1818"]
[BlackTeam "Hebden Bridge 2"]
[Result "0-1"]
[PlyCount "58"]

1. e4 e5 2. Nf3 Nc6 3. Bc4 Bc5 4. c3 Bb6 5. d4 Qe7 6. d5 Nd8 7. a4 a6 8. O-O Nf6 9. a5 Ba7 10. Bd3 d6 11. c4 O-O 12. Nc3 Bg4 13. h3 Bh5 14. Bg5 h6 15. Bxf6 Qxf6 16. g4 Bg6 17. Qe2 Qf4 18. Kh1 h5 19. Rg1 hxg4 20. Rxg4 Qf6 21. Rg5 Ne6 22. dxe6 fxe6 23. Rag1 Qxf3+ 24. Qxf3 Rxf3 25. Be2 Rxh3+ 26. Kg2 Rh6 27. Kf1 Kh7 28. Bg4 Rf8 29. Bxe6 Bxf2 0-1

[Event "4NCL Online Division 7"]
[Site "online"]
[Date "2021.04.06"]
[EventDate "2021.04.06"]
[Round "6.54"]
[White "Blinkhorn, Joshua"]
[WhiteElo "1555"]
[WhiteTeam "Hebden Bridge 2"]
[Black "Woolgar, Steven G"]
[BlackElo "1636"]
[BlackTeam "Throw in the Tal"]
[Result "1-0"]
[PlyCount "51"]

1. e4 c5 2. Nf3 d6 3. d4 cxd4 4. Nxd4 Nf6 5. Nc3 a6 6. Bg5 e6 7. f4 Be7 8. Qf3 Nc6 9. O-O-O Nxd4 10. Rxd4 Qb6 11. Rd2 O-O 12. e5 dxe5 13. fxe5 Nd5 14. Nxd5 exd5 15. Bxe7 Re8 16. Bd6 Be6 17. Qb3 Qc6 18. Rd4 Rac8 19. Bd3 h6 20. Rf1 b5 21. Bf5 Qb6 22. Bxe6 fxe6 23. Qd3 Qa7 24. Rdf4 Qb6 25. Rf7 Qd8 26. Rf8+ 1-0

[Event "4NCL Online Division 7"]
[Site "online"]
[Date "2021.04.06"]
[EventDate "2021.04.06"]
[Round "6.61"]
[White "Connell, Blair N"]
[WhiteElo "2231"]
[WhiteTeam "Battersea Cats"]
[Black "Lane, John"]
[BlackElo "1850"]
[BlackTeam "Dun Laoghaire"]
[Result "1/2-1/2"]
[PlyCount "67"]

1. e4 e5 2. Nf3 Nc6 3. Bb5 f5 4. Nc3 fxe4 5. Nxe4 d5 6. Nxe5 dxe4 7. Nxc6 Qd5 8. c4 Qd6 9. Qh5+ g6 10. Nxa7+ c6 11. Nxc8 gxh5 12. Nxd6+ Bxd6 13. c5 Bxc5 14. Be2 Nf6 15. O-O O-O 16. Rb1 Ng4 17. Bxg4 hxg4 18. b4 Bb6 19. Bb2 Rxa2 20. Bc3 Raa8 21. b5 Bc5 22. bxc6 bxc6 23. Bb4 Bxb4 24. Rxb4 Rfe8 25. g3 Ra2 26. Rc4 Rxd2 27. Rxc6 e3 28. fxe3 Rxe3 29. Rc8+ Kg7 30. Rc7+ Kg6 31. Rc6+ Kg7 32. Rc7+ Kg6 33. Rc6+ Kg7 34. Rc7+ 1/2-1/2

[Event "4NCL Online Division 7"]
[Site "online"]
[Date "2021.04.06"]
[EventDate "2021.04.06"]
[Round "6.62"]
[White "O'Connell, David"]
[WhiteElo "1810"]
[WhiteTeam "Dun Laoghaire"]
[Black "Emelianova, Maria"]
[BlackElo "2113"]
[BlackTeam "Battersea Cats"]
[Result "0-1"]
[PlyCount "34"]

1. d4 Nf6 2. Nc3 g6 3. e4 d6 4. Bf4 Bg7 5. Be2 O-O 6. h4 c5 7. d5 b5 8. Bxb5 Nxe4 9. Nxe4 Qa5+ 10. c3 Qxb5 11. Qd2 Ba6 12. O-O-O Qc4 13. Qe3 Qxa2 14. h5 Nd7 15. Bh6 Rab8 16. Rd2 Qa1+ 17. Kc2 Rxb2# 0-1

[Event "4NCL Online Division 7"]
[Site "online"]
[Date "2021.04.06"]
[EventDate "2021.04.06"]
[Round "6.63"]
[White "Gay, Conor"]
[WhiteElo "1937"]
[WhiteTeam "Battersea Cats"]
[Black "Lohan, Martin"]
[BlackElo "1802"]
[BlackTeam "Dun Laoghaire"]
[Result "1-0"]
[PlyCount "43"]

1. e4 e6 2. d4 d5 3. e5 c5 4. c3 Nc6 5. Nf3 Qb6 6. Be2 cxd4 7. cxd4 Nge7 8. Na3 Nf5 9. Nc2 Be7 10. g4 Nh6 11. h3 f6 12. exf6 Bxf6 13. g5 Nf5 14. gxf6 gxf6 15. Rg1 Bd7 16. b3 O-O-O 17. Ba3 Rhg8 18. Rxg8 Rxg8 19. Rc1 Nh4 20. Nxh4 Rg1+ 21. Bf1 Qb5 22. Qe2 1-0

[Event "4NCL Online Division 7"]
[Site "online"]
[Date "2021.04.06"]
[EventDate "2021.04.06"]
[Round "6.64"]
[White "Jackson, Peter D."]
[WhiteElo "1756"]
[WhiteTeam "Dun Laoghaire"]
[Black "Rebbeck, Christopher"]
[BlackElo "1451"]
[BlackTeam "Battersea Cats"]
[Result "1-0"]
[PlyCount "65"]

1. d4 d5 2. c4 e6 3. Nc3 Nf6 4. Bf4 Be7 5. e3 O-O 6. Nf3 c6 7. Bd3 a6 8. O-O b5 9. cxb5 axb5 10. h3 Nbd7 11. a3 Rb8 12. Bxb8 Nxb8 13. Ne5 Bb7 14. f4 c5 15. Bxb5 Qb6 16. a4 Ne4 17. a5 Qd6 18. Qa4 Ba6 19. Nxe4 dxe4 20. Rac1 cxd4 21. Bxa6 Qxa6 22. exd4 Bh4 23. Nc4 Nc6 24. Ne3 Qd3 25. Rc3 Nxd4 26. Rxd3 Ne2+ 27. Kh2 exd3 28. Rd1 Bg3+ 29. Kh1 Nxf4 30. Nf1 Ne2 31. Nxg3 Nxg3+ 32. Kh2 Nf5 33. Rxd3 1-0

[Event "4NCL Online Division 7"]
[Site "online"]
[Date "2021.04.06"]
[EventDate "2021.04.06"]
[Round "6.71"]
[White "Anderson, James"]
[WhiteElo "1644"]
[WhiteTeam "Dundee City C"]
[Black "Cole, Graham"]
[BlackElo "1802"]
[BlackTeam "Oxford 4"]
[Result "0-1"]
[PlyCount "44"]

1. d4 Nf6 2. Bg5 c5 3. Bxf6 gxf6 4. d5 Qb6 5. c4 Qxb2 6. Nd2 f5 7. a4 Bg7 8. Rb1 Qc3 9. Nf3 d6 10. e3 Na6 11. Be2 Nb4 12. O-O Qc2 13. Qxc2 Nxc2 14. Bd1 Nb4 15. Bb3 Bd7 16. Rfd1 O-O 17. e4 fxe4 18. Nxe4 Bf5 19. Re1 a5 20. Rbd1 Rad8 21. Ng3 Bd7 22. Re6 fxe6 0-1

[Event "4NCL Online Division 7"]
[Site "online"]
[Date "2021.04.06"]
[EventDate "2021.04.06"]
[Round "6.72"]
[White "Evans, Christopher J"]
[WhiteElo "1820"]
[WhiteTeam "Oxford 4"]
[Black "Jackson, Robert"]
[BlackElo "1575"]
[BlackTeam "Dundee City C"]
[Result "1-0"]
[PlyCount "57"]

1. e4 e6 2. d4 d5 3. Nc3 Nf6 4. Bg5 Be7 5. e5 Nfd7 6. h4 h6 7. Bxe7 Qxe7 8. Qg4 O-O 9. O-O-O c5 10. Nb5 cxd4 11. f4 f6 12. Nxd4 Nc5 13. Ngf3 Ne4 14. Bd3 Nf2 15. Qg6 f5 16. Ng5 hxg5 17. hxg5 Nxh1 18. Rxh1 Qe8 19. Qh7+ Kf7 20. Nb5 Qd7 21. Nd6+ Ke7 22. Qxg7+ Kd8 23. Qxf8+ Kc7 24. Nxc8 Nc6 25. Qd6+ Kxc8 26. Rh8+ Nd8 27. Qc5+ Qc6 28. Qxc6+ bxc6 29. g6 1-0

[Event "4NCL Online Division 7"]
[Site "online"]
[Date "2021.04.06"]
[EventDate "2021.04.06"]
[Round "6.73"]
[White "Robertson, John"]
[WhiteElo "1562"]
[WhiteTeam "Dundee City C"]
[Black "Bush, Ian"]
[BlackElo "1782"]
[BlackTeam "Oxford 4"]
[Result "0-1"]
[PlyCount "124"]

1. d4 Nf6 2. Bf4 d6 3. Nd2 Nbd7 4. c3 e5 5. dxe5 dxe5 6. Bg5 Bc5 7. e3 h6 8. Bh4 O-O 9. Bc4 c6 10. Ne2 Qc7 11. O-O b5 12. Bd3 Bb7 13. b4 Bd6 14. Ne4 Nxe4 15. Bxe4 f5 16. Bc2 Nf6 17. f3 Nd5 18. Bf2 Nb6 19. Bb3+ Kh8 20. Qc2 c5 21. bxc5 Bxc5 22. Be6 g6 23. Rab1 Qc6 24. Bb3 a5 25. c4 a4 26. cxb5 axb3 27. Rxb3 Qd6 28. Rd1 Qe7 29. Rc3 Rfc8 30. Qb1 Nd5 31. Rb3 Kh7 32. Qb2 Ra3 33. Rb1 Rxb3 34. Qxb3 f4 35. a4 Bxe3 36. Bxe3 Nxe3 37. Kh1 Bd5 38. Qb4 Qg5 39. Rg1 Rc2 40. Qd6 Rxe2 41. Qd7+ Kh8 42. Qc8+ Bg8 43. Qh3 Rd2 44. b6 Rd1 45. b7 Rxg1+ 46. Kxg1 Qd8 47. Qxh6+ Bh7 48. h4 Qb8 49. h5 Qxb7 50. Qf8+ Bg8 51. Qf6+ Qg7 52. Qb6 gxh5 53. Qb2 h4 54. Qf2 Qg3 55. Qxg3 hxg3 56. a5 Bc4 57. a6 Bxa6 58. Kh1 Kg7 59. Kg1 Kg6 60. Kh1 Kg5 61. Kg1 Nxg2 62. Kxg2 Bb7 0-1

[Event "4NCL Online Division 7"]
[Site "online"]
[Date "2021.04.06"]
[EventDate "2021.04.06"]
[Round "6.74"]
[White "Rogan, Killian"]
[WhiteElo "1802"]
[WhiteTeam "Oxford 4"]
[Black "Chalmers, Martin M"]
[BlackElo "1505"]
[BlackTeam "Dundee City C"]
[Result "1-0"]
[PlyCount "79"]

1. d4 e6 2. c4 f5 3. g3 d6 4. Bg2 Be7 5. Nf3 Nf6 6. O-O O-O 7. Nc3 Nc6 8. Qc2 Nb4 9. Qd2 a5 10. b3 Bd7 11. Bb2 Be8 12. a3 Nc6 13. Rfe1 Ne4 14. Qc2 Bg6 15. d5 Ne5 16. Nxe5 Nxc3 17. Nxg6 hxg6 18. Bxc3 e5 19. b4 a4 20. Bb2 b6 21. Bc1 Qe8 22. h4 Rc8 23. Bg5 Bxg5 24. hxg5 Ra8 25. c5 bxc5 26. bxc5 Qd8 27. f4 e4 28. e3 Qd7 29. Rab1 Ra5 30. c6 Qf7 31. Red1 Rfa8 32. Rb7 Kh7 33. Bf1 Rc5 34. Qb2 Raa5 35. Qh2+ Kg8 36. Rb8+ Qf8 37. Rxf8+ Kxf8 38. Rb1 Ra7 39. Qh8+ Kf7 40. Rb8 1-0

[Event "4NCL Online Division 7"]
[Site "online"]
[Date "2021.04.06"]
[EventDate "2021.04.06"]
[Round "6.81"]
[White "Bird, Joel"]
[WhiteElo "2121"]
[WhiteTeam "MHJ Bishops"]
[Black "Doherty, Paul"]
[BlackElo "1747"]
[BlackTeam "Bolton and Worsley 2"]
[Result "1-0"]
[PlyCount "99"]

1. e4 d6 2. d4 Nf6 3. Nc3 c6 4. Nf3 Qa5 5. Bd3 Bg4 6. h3 Bh5 7. Qe2 e5 8. Be3 Nbd7 9. O-O Be7 10. Rfe1 Qc7 11. a4 a6 12. a5 O-O 13. g4 Bg6 14. Nh4 exd4 15. Bxd4 Ne5 16. f4 Nxd3 17. cxd3 h6 18. f5 Bh7 19. Nf3 c5 20. Bxf6 Bxf6 21. Nd5 Qd8 22. Nb6 Rb8 23. Qf2 Re8 24. Kh1 Be5 25. Nxe5 dxe5 26. Nd5 Qd6 27. f6 g5 28. Rac1 Rbc8 29. Qe3 Qe6 30. Rxc5 Rxc5 31. Qxc5 Kh8 32. Qe3 Rc8 33. Rc1 Rc6 34. b4 Qc8 35. Rc5 Rxc5 36. Qxc5 Qxc5 37. bxc5 Kg8 38. Kg2 Kf8 39. Nc7 Bg6 40. Kf3 h5 41. Ke3 hxg4 42. hxg4 Bh7 43. Kd2 Bg6 44. Kc3 Bh7 45. Kc4 Bg6 46. Kc3 Bh7 47. c6 bxc6 48. Nxa6 Ke8 49. Nb8 Kd8 50. Nxc6+ 1-0

[Event "4NCL Online Division 7"]
[Site "online"]
[Date "2021.04.06"]
[EventDate "2021.04.06"]
[Round "6.82"]
[White "Kumar, Jamie"]
[WhiteElo "1664"]
[WhiteTeam "Bolton and Worsley 2"]
[Black "Badacsonyi, Frankie"]
[BlackElo "1675"]
[BlackTeam "MHJ Bishops"]
[Result "0-1"]
[PlyCount "144"]

1. d4 e6 2. c4 b6 3. e4 Bb4+ 4. Nc3 Bb7 5. f3 Qh4+ 6. g3 Bxc3+ 7. bxc3 Qd8 8. Bd3 d6 9. Be3 Nf6 10. Ne2 Qe7 11. Rb1 Nc6 12. O-O e5 13. Nc1 O-O 14. g4 Na5 15. Nb3 Nxb3 16. axb3 c5 17. Rb2 Nd7 18. Rg2 Rfd8 19. Qe1 a5 20. g5 a4 21. bxa4 Rxa4 22. h4 Rda8 23. d5 Nf8 24. h5 Ba6 25. Rb2 Bxc4 26. Bxc4 Rxc4 27. Rxb6 Qc7 28. Rc6 Qd8 29. Rf2 Rca4 30. Rb2 R4a6 31. Rxa6 Rxa6 32. Qb1 Nd7 33. Rb7 Rb6 34. Rxb6 Qxb6 35. Qxb6 Nxb6 36. f4 f6 37. Kf2 Na4 38. Bd2 c4 39. Kf3 Kf7 40. fxe5 fxe5 41. Kg4 g6 42. h6 Ke7 43. Kf3 Kd7 44. Be1 Kc7 45. Ke3 Kb6 46. Kd2 Kb5 47. Bf2 Nb2 48. Ba7 Nd3 49. Be3 Ka4 50. Ba7 Kb3 51. Be3 Kb2 52. Ba7 Kb1 53. Be3 Nc1 54. Ba7 Nb3+ 55. Ke3 Na5 56. Kd2 Nb7 57. Bb6 Kb2 58. Be3 Na5 59. Ba7 Nb3+ 60. Ke3 Kxc3 61. Bb8 Nc5 62. Bxd6 Nd7 63. Ba3 Kb3 64. Bc1 Kc2 65. Ba3 Kb3 66. Bc1 Kc3 67. d6 Kc2 68. Ba3 c3 69. Ke2 Kb3 70. Bc1 c2 71. Kd2 Nc5 72. Ke3 Ka2 0-1

[Event "4NCL Online Division 7"]
[Site "online"]
[Date "2021.04.06"]
[EventDate "2021.04.06"]
[Round "6.83"]
[White "Bhattacharya, Cali"]
[WhiteElo "1315"]
[WhiteTeam "MHJ Bishops"]
[Black "Lane, Anthony J"]
[BlackElo "1705"]
[BlackTeam "Bolton and Worsley 2"]
[Result "0-1"]
[PlyCount "66"]

1. e4 g6 2. f4 Bg7 3. Nc3 c5 4. Nf3 Nc6 5. d3 d6 6. Be3 Nh6 7. g3 Ng4 8. Bg1 Bxc3+ 9. bxc3 b6 10. h3 Nf6 11. Bg2 Qc7 12. e5 Nh5 13. exd6 exd6 14. Bf2 Bb7 15. O-O O-O 16. Ng5 h6 17. Ne4 d5 18. Nd2 Ne7 19. d4 c4 20. Be3 Nxg3 21. Rf3 Ne4 22. Nxe4 dxe4 23. Rg3 Nf5 24. Rg4 Nxe3 25. Qe2 Nxg4 26. Qxg4 Qc8 27. Qh4 Kg7 28. Re1 Re8 29. Re3 Qf5 30. Rg3 Qf6 31. Qg4 Bc8 32. Qe2 Qxf4 33. Rg4 Bxg4 0-1

[Event "4NCL Online Division 7"]
[Site "online"]
[Date "2021.04.06"]
[EventDate "2021.04.06"]
[Round "6.84"]
[White "Busznyak, Arpad"]
[WhiteElo "1593"]
[WhiteTeam "Bolton and Worsley 2"]
[Black "Burnton, Joshua"]
[BlackElo "1315"]
[BlackTeam "MHJ Bishops"]
[Result "0-1"]
[PlyCount "68"]

1. e4 e5 2. Nf3 Nc6 3. Bc4 Nf6 4. d3 Bc5 5. Bg5 h6 6. Bh4 b6 7. Nc3 Be7 8. d4 Ng4 9. Bg3 exd4 10. Nxd4 Nxd4 11. Qxd4 O-O 12. e5 d6 13. Qe4 Bd7 14. f4 Bh4 15. f5 Bxg3+ 16. hxg3 Nxe5 17. Rf1 Qg5 18. Qf4 Nxc4 19. Qxc4 Qxg3+ 20. Rf2 Rae8+ 21. Kf1 Qh2 22. Ne2 Rxe2 23. Kxe2 Re8+ 24. Kd2 Qe5 25. Rf3 Bxf5 26. Raf1 d5 27. Qc6 Bg6 28. Kc1 Qg5+ 29. Kb1 Qe5 30. Qc3 d4 31. Qd2 Re6 32. Kc1 Rc6 33. c3 Qe4 34. Kd1 dxc3 0-1